Caricamento...
Hydraulic laboratory techniques
| Natura: | Printed Book |
|---|---|
| Lingua: | English |
| Pubblicazione: |
Jodhpur
Scientific Publishers
1986
|
| Soggetti: |
| LEADER | 00468nam a2200145 a 4500 | ||
|---|---|---|---|
| 005 | 20151028162151.0 | ||
| 008 | 960221s1955 dcuabcdjdbkoqu001 0deng d | ||
| 003 | ViArRB | ||
| 082 | |a 627 |b M6 | ||
| 245 | |a Hydraulic laboratory techniques | ||
| 653 | |a Laboratory techniques- hydraulics | ||
| 942 | |c BK |6 _ | ||
| 260 | |a Jodhpur |b Scientific Publishers |c 1986 | ||
| 999 | |c 76516 |d 76516 | ||
| 952 | |0 0 |1 0 |2 ddc |4 0 |6 627_M6 |7 0 |9 89315 |a SOS |b SOS |d 2009-10-09 |o 627 M6 |p MS009920 |r 2013-06-14 |w 2009-07-13 |y BK | ||